Literature : (Record no. 13860)
[ view plain ]
| 000 -LEADER | |
|---|---|
| fixed length control field | 00758cam a2200241 a 4500 |
| 020 ## - INTERNATIONAL STANDARD BOOK NUMBER | |
| ISBN | 0072295074 (combined) |
| 020 ## - INTERNATIONAL STANDARD BOOK NUMBER | |
| ISBN | 0072295090 (fiction) |
| 020 ## - INTERNATIONAL STANDARD BOOK NUMBER | |
| ISBN | 0072295104 (poetry) |
| 020 ## - INTERNATIONAL STANDARD BOOK NUMBER | |
| ISBN | 0072295112 (drama) |
| 040 ## - CATALOGING SOURCE | |
| Transcribing agency | DLC |
| 082 00 - DEWEY DECIMAL CLASSIFICATION NUMBER | |
| Classification number | 808 MCG 2000 A094 Or. |
| 100 1# - MAIN ENTRY--AUTHOR NAME | |
| Personal name | DiYanni, Robert. |
| 245 10 - TITLE STATEMENT | |
| Title | Literature : |
| Remainder of title | reading fiction, poetry, and drama / |
| 250 ## - EDITION STATEMENT | |
| Edition statement | Compact ed. |
| 260 ## - PUBLICATION, DISTRIBUTION, ETC. (IMPRINT) | |
| Place of publication | Boston : |
| Name of publisher | McGraw-Hill College, |
| Year of publication | c2000. |
| 300 ## - PHYSICAL DESCRIPTION | |
| Number of Pages | xxxiii, 1482 p. : |
| Other physical details | col. ill. ; |
| Dimensions | 24 cm. |
| 500 ## - GENERAL NOTE | |
| General note | Includes index. |
| 650 #0 - SUBJECT ADDED ENTRY--TOPICAL TERM | |
| Topical Term | Literature. |
| 650 #0 - SUBJECT ADDED ENTRY--TOPICAL TERM | |
| Topical Term | Literature |
| 856 42 - ELECTRONIC LOCATION AND ACCESS | |
| Uniform Resource Identifier | http://www.loc.gov/catdir/description/mh023/99014165.html |
| 856 42 - ELECTRONIC LOCATION AND ACCESS | |
| Uniform Resource Identifier | http://www.loc.gov/catdir/enhancements/fy0737/99014165-b.html |
| 942 ## - ADDED ENTRY ELEMENTS (KOHA) | |
| Koha item type | ADB |
No items available.